No Time To Cook

Saved in:
Bibliographic Details
Main Author: Hay, Donna
Format: Book
Published: Hardie Grant Books
Tags: Add Tag
No Tags, Be the first to tag this record!
LEADER 00740cam a22001937a 4500
001 (Sirsi) i9781742705552
005 20190330171106.0
008 190219n xx ||||||||||||||||| |d
020 |a 9781742705552 
040 |a SMLIBRARY  |b eng  |c SMLIBRARY  |e AACR2 
100 |a Hay, Donna 
245 1 |a No Time To Cook 
260 |b Hardie Grant Books 
901 |a 641.555 HAY  |i BK10009281J  |m SMLIBRARY  |l ADULT  |t BOOK  |p 122.40  |x ADULT  |z ANFIC  |u 18/11/2013 
903 |a  SMLNEWITEM, SMLPOPULAR 
904 |a 1 
942 |2 ddc  |c BOOK 
952 |0 0  |1 0  |2 ddc  |4 0  |6 641_555000000000000_HAY  |7 0  |8 ADULT | ANFIC  |9 43627  |a SMLIBRARY  |b SMLIBRARY  |c ADULT  |d 2013-11-18  |g 122.40  |l 0  |o 641.555 HAY  |p BK10009281J  |r 2019-03-30 00:00:00  |t 1  |v 122.40  |w 2019-06-25  |y ADULTBOOK 
999 |c 37597  |d 37597